000 00686 a2200253 4500
003 CBULib
005 20241029131845.0
008 241029b |||||||| |||| 00| 0 eng d
020 _a9781784970819
040 _bEnglish
_cCBULib
_erda
041 _aeng
050 _aPR 6023. I7
100 _aLitvinoff, Emanuel
245 _aThe lost Europeans
_c/ by Emanuel Litvinoff
260 _bApollo,
_c2016
_aLondon :
300 _axi, 295 pages
336 _2rdacontent
_aText |
_btxt
337 _2rdamedia
_aUnmediated |
_bn
338 _2rdacarrier
_aVolume
_bnc
650 0 _93852
_aFASCISM
650 0 _93853
_aFASCISM AND SEXUALITY
650 0 _9708
_aFICTION
942 _2lcc
_c002
999 _c85715
_d85715